000 00473nam a2200169Ia 4500
008 230917s9999||||xx |||||||||||||| ||und||
020 _cRS300
040 _e217173
_aMAIN
041 _aEnglish
082 _a791.430954 A15R
100 _aAggarwal, Prahlad
245 0 _aReshami khawabo ki dhoop-chhanv: Yash Chopra ka cinema
260 _aNew Delhi
_bRajkamal Prakashan
_c2011
300 _a224 p.
500 _a1566 02/06/2014 459 09/06/2014 Main Budget
942 _cBK
999 _c11597
_d11597